Представление документа в формате MARC21

Поле Инд. ПП Название Значение
Тип записи a
Библиографический уровень b
001 Контрольный номер 7bef921833524a1ebf70271c153b66f5
005 Дата корректировки 20200629083447.9
008 Кодируемые данные 20170331
040 b Код языка каталог. rus
e Правила каталог. PSBO
041 0_ a Код языка текста rus
084 a Индекс другой классификации/Индекс ББК 67.515(2Рос); 67.408.12(2Рос)
100 1_ a Автор Авдеев В. А.
100 1_ a Автор Авдеева О. А.
245 10 a Заглавие Правовая политика Российской Федерации в сфере обеспечения экономической безопасности: тенденции и перспективы
520 0_ a Аннотация В статье дан анализ основных направлений правовой политики Российской Федерации в сфере обеспечения экономической безопасности. Показана динамика преступлений экономической направленности в контексте современных направлений модернизации уголовно-правовой политики в сфере противодействия экономическим преступлениям. Сформулированы выводы об актуальности последовательной законодательной новеллизации уголовно-правовых норм, совершенствовании организационно-правовых аспектов противодействия экономической преступности с учетом внедрения теоретико-методологических конструкций и практико-ориентированных мер предупредительного воздействия. Высказаны предложения по повышению эффективности механизма обеспечения экономической безопасности
650 14 a Основная рубрика право; криминология; уголовное право
653 0_ a Ключевые слова борьба с экономической преступностью (БЭП)
a Ключевые слова воздействие на преступность
a Ключевые слова правовая политика
a Ключевые слова правовое регулирование
a Ключевые слова преступления в сфере экономической деятельности
a Ключевые слова противодействие преступности
a Ключевые слова Россия
a Ключевые слова уголовные преступления
a Ключевые слова Уголовный кодекс РФ
a Ключевые слова экономическая безопасность
a Ключевые слова экономическая преступность
773 08 t Заглавие источника Российская юстиция
d Дата издания источника 2020
g Прочая информация № 4. - С. 2 - 5
w Контрольный № источника d9163a71ea1647108cab3fccfb4b3d86
901 t Тип документа b